000 00792nam a2200241 a 4500
001 BRCA_3964
005 20190320204508.0
008 140110s1930----gw-a######---#000-0#ger-#
041 _ager
044 _agw
050 4 _aND616
_b.G46 1930
245 1 0 _aDie Gemäldegalerie
_cStaatliche Museen Berlin.
260 _aBerlín
_bP. Cassirer
_c1930
300 _a2 v.
_bil., 300 láminas
_c25 cm.
500 _aCDE35A
505 0 _aContenido: v.1. Die italienischen Meister 16 bis 18 Jahrhundert. -- v.2. Die Vlamischen Franzosischen Englischen und Spanischen meister
650 1 4 _aPintura italiana
_910312
650 1 4 _aGalerías y museos
_zAlemania
_95059
650 1 4 _aPintura
_xHistoria
_910313
710 2 _aStaatliche Museen (Berlín) Gemalde
_910314
902 _aGFM
942 _2lcc
_cB
999 _c3691
_d3691